| 000 | 00346nam a2200133Ia 4500 | ||
|---|---|---|---|
| 008 | 240624s9999 xx 000 0 und d | ||
| 041 | _aeng | ||
| 082 | _a346.7307 DUR | ||
| 100 | _aDURKIN THOMAS A | ||
| 245 | _aTRUTH IN LENDING THEORY HISTORY AND A WA | ||
| 260 |
_c2011 _aUSA _bOxford University Press |
||
| 300 | _a368 : p. | ||
| 365 |
_cGBP _b29 |
||
| 999 |
_c20157 _d20157 |
||